Microsoft Dynamics AX integrált vállalatirányítási rendszer bevezetése az egyik piacvezető, ingatlanfejlesztő Cégcsoportnál
| Main Author: | |
|---|---|
| Format: | Thesis |
| Kulcsszavak: | Integráltság integrált vállalatirányítási rendszer vállalat üzleti folyamatai |
| Online Access: | http://dolgozattar.uni-bge.hu/46660 |
MARC
| LEADER | 00000nta a2200000 i 4500 | ||
|---|---|---|---|
| 001 | dolg46660 | ||
| 005 | 20230816151928.0 | ||
| 008 | 230816suuuu hu om 000 hun d | ||
| 040 | |a BGE Dolgozattár Repozitórium |b hun | ||
| 041 | |a hu | ||
| 100 | 1 | |a Földes Norbert | |
| 245 | 1 | 0 | |a Microsoft Dynamics AX integrált vállalatirányítási rendszer bevezetése az egyik piacvezető, ingatlanfejlesztő Cégcsoportnál |c Földes Norbert |h [elektronikus dokumentum] |
| 695 | |a Integráltság | ||
| 695 | |a integrált vállalatirányítási rendszer | ||
| 695 | |a vállalat üzleti folyamatai | ||
| 856 | 4 | 0 | |u http://dolgozattar.uni-bge.hu/46660/1/00001110.doc |z Dokumentum-elérés |